Statistics for British TV Presenters

Click here to take the quiz!

General Stats

  • This quiz has been taken 188 times
  • The average score is 11 of 25

Answer Stats

TV ShowYearsPresenter% Correct
2002-Phillip Schofield
90%
2007-Declan Donnelly
89%
Britain's Got Talent2007-Anthony McPartlin
88%
2009-Holly Willoughby
88%
2004-Harry Hill
80%
QI2003–2016Stephen Fry
71%
This Morning1988–2001Richard Madeley
69%
1988–2001Judy Finnigan
67%
2008-Eamonn Holmes
62%
2006-Ruth Langsford
51%
1999–2009Fern Britton
40%
You've Been Framed!1990–1997Jeremy Beadle
40%
2016-Sandi Toksvig
38%
2012-Nick Hewer
36%
Countdown1982–2005Richard Whiteley
36%
1998–2003Lisa Riley
31%
Never Mind the Buzzcocks1996-2005Mark Lamarr
27%
2005–2006Des Lynam
26%
2009–2011Jeff Stelling
25%
2007–2008Des O'Connor
24%
2006-2008Simon Amstell
22%
2003–2006Lorraine Kelly
14%
1999–2002John Leslie
12%
2014-2015Rhod Gilbert
9%
2003–2004Jonathan Wilkes
6%

Score Distribution

Percentile by Number Answered

Percent of People with Each Score

Your Score History

You have not taken this quiz